Idea: contribución a la historia de la teoría del arte
Guardat en:
| Autor principal: | |
|---|---|
| Format: | Llibre |
| Idioma: | espanyol |
| Publicat: |
Madrid
Cátedra
1977
|
| Matèries: | |
| Etiquetes: |
Afegir etiqueta
Sense etiquetes, Sigues el primer a etiquetar aquest registre!
|
MARC
| LEADER | 00000nam a2200000 a 4500 | ||
|---|---|---|---|
| 001 | UCG4471 | ||
| 003 | CL-VaPUC | ||
| 008 | 101104e19770000SP |||||||||||||||||spa|d | ||
| 020 | |a 8437601010 | ||
| 082 | 0 | 4 | |a 701.18 |b PAN |2 21 |
| 100 | |a Panofsky, Erwin |e autor |9 322726 | ||
| 245 | 1 | 0 | |a Idea: contribución a la historia de la teoría del arte |
| 300 | |a 136 p | ||
| 942 | |c BK | ||
| 945 | |d 20101104 00:00:00 |a mfarfan | ||
| 260 | |a Madrid |b Cátedra |c 1977 | ||
| 650 | 0 | |a Filosofía del arte |9 264951 | |
| 650 | 0 | |a Estética |9 264950 | |
| 650 | 0 | |a Edad media |9 258041 | |
| 650 | 0 | |a Renacimiento |9 255107 | |
| 650 | 0 | |a Historia del arte |9 314877 | |
| 583 | |a last modification |c 20180417 05:27:32 |k Rodrigo Vera | ||
| 999 | |c 343175 |d 343173 | ||
| 952 | |0 0 |1 0 |4 0 |6 701_180000000000000_PAN_1977 |7 0 |8 A |9 440249 |a BIBHIS |b BIBHIS |d 2019-11-22 |i 4730984 |o 701.18 PAN 1977 |p 4730984 |r 2025-01-20 |w 2019-11-22 |y BK |k HIS | ||